[Event "La Pobla de Lillet op A"]
[Site "La Pobla de Lillet ESP"]
[Date "2015.08.02"]
[Round "2.17"]
[White "Garcia Galeote, L."]
[Black "Domingo Moratalla, J."]
[Result "1-0"]
[WhiteElo "1973"]
[BlackElo "1694"]
[PlyCount "67"]
[EventDate "2015.08.01"]
[EventType "swiss"]
[EventRounds "9"]
[EventCountry "ESP"]
[SourceTitle "Ajedrez en Madrid"]
[Source "lmi"]
[SourceDate "2020.06.24"]
[SourceVersion "1"]
[SourceVersionDate "2020.06.24"]
[SourceQuality "1"]

1. d4 Nf6 2. Nf3 g6 3. Nbd2 d5 4. c4 c6 5. e3 Bg7 6. Bd3 Nbd7 7. O-O O-O 8. Rb1
Re8 9. b4 Qc7 10. Bb2 Ng4 11. h3 Nh6 12. Qb3 Qd6 13. e4 e6 14. b5 Bf8 15. Rfe1
Rd8 16. Bc3 Qa3 17. Qc2 Qd6 18. Bb4 c5 19. Ba3 b6 20. cxd5 exd5 21. e5 Qe7 22.
dxc5 Nxc5 23. Nd4 Bb7 24. N2b3 Rac8 25. Nxc5 bxc5 26. Qd2 Qh4 27. Nf3 Qa4 28.
Bb2 c4 29. Bc2 Qxb5 30. e6 fxe6 31. Qd4 Nf7 32. Rxe6 Qc5 33. Qf6 Rd6 34. Bxg6
1-0

[Event "La Pobla de Lillet op A"]
[Site "La Pobla de Lillet ESP"]
[Date "2015.08.03"]
[Round "3.1"]
[White "Movsziszian, K."]
[Black "Gomez Jurado, LA."]
[Result "1-0"]
[WhiteElo "2457"]
[BlackElo "2267"]
[PlyCount "46"]
[EventDate "2015.08.01"]
[EventType "swiss"]
[EventRounds "9"]
[EventCountry "ESP"]
[SourceTitle "Ajedrez en Madrid"]
[Source "lmi"]
[SourceDate "2020.06.24"]
[SourceVersion "1"]
[SourceVersionDate "2020.06.24"]
[SourceQuality "1"]

1. g3 d5 2. Bg2 e5 3. d3 Nf6 4. Nf3 Nc6 5. O-O Be7 6. a3 a5 7. b3 O-O 8. Bb2 e4
9. dxe4 Nxe4 10. Qc1 Be6 11. Rd1 Qe8 12. Nc3 Nxc3 13. Bxc3 f6 14. Qb2 Qh5 15.
Rd2 b5 16. Bd4 b4 17. axb4 axb4 18. Rdd1 Bh3 19. Bh1 Bd6 20. Be3 Ne7 21. c3
Rxa1 22. Qxa1 f5 23. cxb4 f4 1-0

[Event "La Pobla de Lillet op A"]
[Site "La Pobla de Lillet ESP"]
[Date "2015.08.03"]
[Round "3.2"]
[White "Povill Claros, X."]
[Black "Mellado Triviño, J."]
[Result "1/2-1/2"]
[WhiteElo "2200"]
[BlackElo "2442"]
[PlyCount "51"]
[EventDate "2015.08.01"]
[EventType "swiss"]
[EventRounds "9"]
[EventCountry "ESP"]
[SourceTitle "Ajedrez en Madrid"]
[Source "lmi"]
[SourceDate "2020.06.24"]
[SourceVersion "1"]
[SourceVersionDate "2020.06.24"]
[SourceQuality "1"]

1. d4 d5 2. c4 Nc6 3. Nc3 Nf6 4. Nf3 dxc4 5. Bg5 h6 6. Bxf6 exf6 7. e3 Bd6 8.
Bxc4 O-O 9. O-O a6 10. a3 f5 11. b4 Bd7 12. Qc2 Qf6 13. Nd5 Qg6 14. Ne5 Bxe5
15. dxe5 Rae8 16. Nf4 Qh7 17. e6 Bxe6 18. Nxe6 fxe6 19. Bxa6 Nxb4 20. axb4 bxa6
21. Rxa6 f4 22. Qxh7+ Kxh7 23. Rc1 fxe3 24. fxe3 Re7 25. Rac6 Rb8 26. Rxc7
1/2-1/2

[Event "La Pobla de Lillet op A"]
[Site "La Pobla de Lillet ESP"]
[Date "2015.08.03"]
[Round "3.3"]
[White "Muñoz Pantoja, M."]
[Black "Toquero Gracia, P."]
[Result "1-0"]
[WhiteElo "2434"]
[BlackElo "1775"]
[PlyCount "79"]
[EventDate "2015.08.01"]
[EventType "swiss"]
[EventRounds "9"]
[EventCountry "ESP"]
[SourceTitle "Ajedrez en Madrid"]
[Source "lmi"]
[SourceDate "2020.06.24"]
[SourceVersion "1"]
[SourceVersionDate "2020.06.24"]
[SourceQuality "1"]

1. e4 c5 2. g3 d5 3. exd5 Qxd5 4. Nf3 Bg4 5. Be2 Nc6 6. Nc3 Qd7 7. d3 g6 8. Be3
b6 9. h3 Bxf3 10. Bxf3 Rd8 11. Qd2 Bg7 12. O-O-O e6 13. Ne4 Nd4 14. Bg2 h6 15.
g4 Ne7 16. Kb1 Nd5 17. c3 Nb5 18. Rhe1 Nxe3 19. fxe3 Nd6 20. d4 Nc4 21. Qe2 Qb5
22. Bf1 Na3+ 23. Kc1 Qxe2 24. Bxe2 cxd4 25. exd4 f5 26. gxf5 gxf5 27. Ng3 Rc8
28. Ba6 Rc6 29. Nh5 Kf7 30. Nxg7 Kxg7 31. bxa3 Rxc3+ 32. Kb2 Rc6 33. d5 exd5
34. Rxd5 Kf6 35. Bd3 Rc5 36. Ree5 Rxd5 37. Rxd5 Ke6 38. Rxf5 Rd8 39. Bc2 Rd2
40. Rh5 1-0

[Event "La Pobla de Lillet op A"]
[Site "La Pobla de Lillet ESP"]
[Date "2015.08.03"]
[Round "3.4"]
[White "Viñals Rioja, J."]
[Black "Lorenzo de la Riva, L."]
[Result "0-1"]
[WhiteElo "2018"]
[BlackElo "2372"]
[PlyCount "58"]
[EventDate "2015.08.01"]
[EventType "swiss"]
[EventRounds "9"]
[EventCountry "ESP"]
[SourceTitle "Ajedrez en Madrid"]
[Source "lmi"]
[SourceDate "2020.06.24"]
[SourceVersion "1"]
[SourceVersionDate "2020.06.24"]
[SourceQuality "1"]

1. Nf3 d5 2. g3 c6 3. Bg2 Bg4 4. h3 Bh5 5. d4 Nd7 6. c3 e6 7. Qb3 Qb6 8. Be3
Bd6 9. Nbd2 Ne7 10. c4 Nf5 11. g4 Qxb3 12. axb3 Nxe3 13. fxe3 Bg3+ 14. Kd1 Bg6
15. c5 h6 16. Nf1 Bc7 17. N3d2 a6 18. e4 O-O-O 19. e5 f6 20. exf6 Nxf6 21. Nf3
Ne4 22. Ke1 Rhe8 23. Ne5 Bxe5 24. dxe5 Nxc5 25. Nd2 Nd7 26. Nf3 Be4 27. Rg1
Bxf3 28. exf3 Nxe5 29. Kd2 Ng6 0-1

[Event "La Pobla de Lillet op A"]
[Site "La Pobla de Lillet ESP"]
[Date "2015.08.03"]
[Round "3.6"]
[White "Sanpera Bonet, JC."]
[Black "Prats Rodriguez, JB."]
[Result "1/2-1/2"]
[WhiteElo "2080"]
[BlackElo "1994"]
[PlyCount "124"]
[EventDate "2015.08.01"]
[EventType "swiss"]
[EventRounds "9"]
[EventCountry "ESP"]
[SourceTitle "Ajedrez en Madrid"]
[Source "lmi"]
[SourceDate "2020.06.24"]
[SourceVersion "1"]
[SourceVersionDate "2020.06.24"]
[SourceQuality "1"]

1. e4 d6 2. d4 Nf6 3. Nc3 g6 4. Nf3 Bg7 5. h3 O-O 6. Be3 a6 7. a4 Nc6 8. a5 e5
9. dxe5 dxe5 10. Qxd8 Rxd8 11. Bc4 h6 12. O-O Re8 13. Rfd1 Be6 14. Bd5 Bxd5 15.
Nxd5 Nxd5 16. Rxd5 Rad8 17. Rad1 Rxd5 18. Rxd5 Rd8 19. Rxd8+ Nxd8 20. Nd2 Nc6
21. Nc4 f5 22. f3 Bf8 23. c3 Kf7 24. Kf1 Ke6 25. Ke2 f4 26. Bf2 Be7 27. Kd3 h5
28. b4 g5 29. Nb2 Bd6 30. Kc4 Ne7 31. Nd3 Ng6 32. b5 axb5+ 33. Kxb5 Kd7 34. c4
c6+ 35. Kb6 Bc7+ 36. Kxb7 Bxa5 37. Be1 Bxe1 38. Nxe1 Kd6 39. Nd3 c5 40. Kb6 Nh4
41. Nxc5 Nxg2 42. Nd3 Ne3 43. c5+ Ke6 44. c6 Nc4+ 45. Kc5 Nd6 46. c7 g4 47.
hxg4 hxg4 48. fxg4 Nxe4+ 49. Kc6 Nd6 50. Nf2 f3 51. Ne4 Nc8 52. Kb7 Ne7 53.
c8=Q+ Nxc8 54. Kxc8 Kd5 55. Nd2 e4 56. g5 Ke5 57. g6 Kf6 58. Nxe4+ Kxg6 59. Nf2
Kf5 60. Kd7 Kf4 61. Ke6 Ke3 62. Ng4+ Ke2 1/2-1/2

[Event "La Pobla de Lillet op A"]
[Site "La Pobla de Lillet ESP"]
[Date "2015.08.03"]
[Round "3.7"]
[White "Ayza Ballester, J."]
[Black "Lopez Moreno, J."]
[Result "1/2-1/2"]
[WhiteElo "2211"]
[BlackElo "2022"]
[PlyCount "41"]
[EventDate "2015.08.01"]
[EventType "swiss"]
[EventRounds "9"]
[EventCountry "ESP"]
[SourceTitle "Ajedrez en Madrid"]
[Source "lmi"]
[SourceDate "2020.06.24"]
[SourceVersion "1"]
[SourceVersionDate "2020.06.24"]
[SourceQuality "1"]

1. e4 c5 2. Nf3 d6 3. d4 cxd4 4. Nxd4 Nf6 5. Bd3 Nc6 6. Nxc6 bxc6 7. Nc3 e5 8.
O-O Be7 9. Kh1 O-O 10. f4 Bg4 11. Qe1 exf4 12. Bxf4 Nh5 13. Be3 Bg5 14. Qd2
Bxe3 15. Qxe3 Qh4 16. Rae1 Rae8 17. Kg1 f5 18. Qd4 d5 19. e5 f4 20. Rf2 Qg5 21.
e6 1/2-1/2

[Event "La Pobla de Lillet op A"]
[Site "La Pobla de Lillet ESP"]
[Date "2015.08.03"]
[Round "3.8"]
[White "Cervello Tost, F."]
[Black "Garcia Galeote, L."]
[Result "1-0"]
[WhiteElo "2303"]
[BlackElo "1973"]
[PlyCount "151"]
[EventDate "2015.08.01"]
[EventType "swiss"]
[EventRounds "9"]
[EventCountry "ESP"]
[SourceTitle "Ajedrez en Madrid"]
[Source "lmi"]
[SourceDate "2020.06.24"]
[SourceVersion "1"]
[SourceVersionDate "2020.06.24"]
[SourceQuality "1"]

1. Nf3 b6 2. g3 Bb7 3. Bg2 e6 4. d4 d6 5. O-O Nd7 6. c4 g6 7. Nc3 Bg7 8. e4 Ne7
9. Bf4 h6 10. Qd2 Nf6 11. d5 e5 12. Be3 Ng4 13. b4 Nxe3 14. fxe3 O-O 15. Rf2 a5
16. b5 Bc8 17. Raf1 Bd7 18. Nh4 Qc8 19. Nd1 Bh3 20. Bxh3 Qxh3 21. Qe2 Qd7 22.
g4 Kh7 23. Rxf7 Rxf7 24. Rxf7 Rf8 25. Rxf8 Bxf8 26. Nf2 Ng8 27. Nf3 Be7 28. h3
Qd8 29. Qd2 Bh4 30. Nd1 Qe7 31. Nc3 Bf6 32. Qf2 Qd7 33. Kg2 Bg7 34. g5 Qd8 35.
Qh4 Bf8 36. Qg4 h5 37. Qh4 Be7 38. Ne2 Nh6 39. Qg3 Nf7 40. h4 Qd7 41. Nd2 Nd8
42. Qf3 Kg7 43. Ng3 Qe8 44. a4 Qf7 45. Qe2 Nb7 46. Nb3 Kg8 47. Qb2 Qg7 48. Qd2
Qf7 49. Qe1 Bf8 50. Ne2 Bg7 51. Ng1 Qd7 52. Qg3 Kh7 53. Ne2 Kg8 54. Qf3 Bf8 55.
Ng3 Qf7 56. Qd1 Bg7 57. Nh1 Kh7 58. Nf2 Kg8 59. Kg3 Bf8 60. Qf1 Qd7 61. Qg2 Bg7
62. Kf3 Kh7 63. Ke2 Kg8 64. Qf3 Kh7 65. Nd3 Kg8 66. Nd2 Kh7 67. c5 dxc5 68. Nc4
Qe7 69. Ndb2 Qd7 70. Qg3 Qe7 71. Qh3 Qe8 72. Nd3 Qe7 73. Qe6 Qxe6 74. dxe6 Bf8
75. Ncxe5 Nd8 76. Nf4 1-0

[Event "La Pobla de Lillet op A"]
[Site "La Pobla de Lillet ESP"]
[Date "2015.08.03"]
[Round "3.9"]
[White "Travesset Ribera, D."]
[Black "Farre Selma, D."]
[Result "1-0"]
[WhiteElo "2149"]
[BlackElo "1897"]
[PlyCount "95"]
[EventDate "2015.08.01"]
[EventType "swiss"]
[EventRounds "9"]
[EventCountry "ESP"]
[SourceTitle "Ajedrez en Madrid"]
[Source "lmi"]
[SourceDate "2020.06.24"]
[SourceVersion "1"]
[SourceVersionDate "2020.06.24"]
[SourceQuality "1"]

1. Nf3 d5 2. g3 Nf6 3. Bg2 Nbd7 4. d4 e6 5. c4 Bb4+ 6. Bd2 Bxd2+ 7. Nbxd2 O-O
8. O-O c5 9. Rc1 cxd4 10. Nxd4 e5 11. Nc2 Nb6 12. cxd5 Nbxd5 13. Nc4 Re8 14. e4
Qc7 15. N2a3 Nb4 16. Nd6 Qe7 17. Nxe8 Nxe8 18. Ra1 Be6 19. b3 Rd8 20. Qe2 Nf6
21. Nc4 Bg4 22. f3 Bc8 23. Rfd1 Rf8 24. Qd2 Qc5+ 25. Qf2 Qe7 26. Qxa7 Nc2 27.
Rac1 Nd4 28. Kh1 Nc6 29. Qa3 Qe8 30. Nd6 Qe7 31. Nc4 Qe8 32. Qc5 Nd7 33. Qe3 f6
34. Nd6 Qe7 35. Bh3 Nb6 36. Qxb6 Bxh3 37. Qxb7 Qxb7 38. Nxb7 Nd4 39. Rc3 Ra8
40. a4 Ra7 41. Nc5 Rf7 42. Nd3 Ne2 43. Rc5 Rb7 44. b4 Nd4 45. a5 Nxf3 46. a6
Ra7 47. b5 Be6 48. Nb4 1-0

[Event "La Pobla de Lillet op A"]
[Site "La Pobla de Lillet ESP"]
[Date "2015.08.03"]
[Round "3.10"]
[White "Guasch Murtra, JM."]
[Black "Amores Gago, X."]
[Result "0-1"]
[WhiteElo "1955"]
[BlackElo "2149"]
[PlyCount "104"]
[EventDate "2015.08.01"]
[EventType "swiss"]
[EventRounds "9"]
[EventCountry "ESP"]
[SourceTitle "Ajedrez en Madrid"]
[Source "lmi"]
[SourceDate "2020.06.24"]
[SourceVersion "1"]
[SourceVersionDate "2020.06.24"]
[SourceQuality "1"]

1. d4 d6 2. g3 Nf6 3. Bg2 g6 4. Bg5 Bg7 5. Nc3 O-O 6. Qd2 c6 7. Nf3 b5 8. a3
Nbd7 9. O-O Nb6 10. b3 Qc7 11. Bh6 a6 12. Bxg7 Kxg7 13. Nh4 Bb7 14. Rad1 a5 15.
Ne4 Nxe4 16. Bxe4 f5 17. Bd3 e5 18. e3 e4 19. Be2 a4 20. b4 Bc8 21. Ng2 Be6 22.
Nf4 Bf7 23. h4 Rab8 24. Qc3 Nd5 25. Nxd5 Bxd5 26. Rd2 Qe7 27. f4 exf3 28. Bxf3
Rbc8 29. Rdf2 Rfe8 30. Re1 Kg8 31. Qd2 Qe6 32. c3 Re7 33. Rff1 Rce8 34. Rf2
Bxf3 35. Rxf3 Qd5 36. Rf4 Qb3 37. Qc1 Re4 38. Rxe4 Rxe4 39. Re2 Kf7 40. Kf2 Ke6
41. Rd2 Kd7 42. Re2 Kc7 43. Rd2 Kb6 44. Kf3 h6 45. Rh2 Rg4 46. Rg2 Re4 47. Rh2
g5 48. hxg5 hxg5 49. Rh6 Qa2 50. g4 Rxg4 51. Qf1 Re4 52. Rxd6 g4+ 0-1

[Event "La Pobla de Lillet op A"]
[Site "La Pobla de Lillet ESP"]
[Date "2015.08.04"]
[Round "4.1"]
[White "Lorenzo de la Riva, L."]
[Black "Movsziszian, K."]
[Result "1/2-1/2"]
[WhiteElo "2372"]
[BlackElo "2457"]
[PlyCount "67"]
[EventDate "2015.08.01"]
[EventType "swiss"]
[EventRounds "9"]
[EventCountry "ESP"]
[SourceTitle "Ajedrez en Madrid"]
[Source "lmi"]
[SourceDate "2020.06.24"]
[SourceVersion "1"]
[SourceVersionDate "2020.06.24"]
[SourceQuality "1"]

1. e4 g6 2. d4 Bg7 3. Nc3 d6 4. f4 a6 5. Nf3 b5 6. Bd3 Nd7 7. Be3 Bb7 8. Qe2 c5
9. dxc5 b4 10. Nd1 dxc5 11. e5 Nh6 12. Nf2 O-O 13. h4 Qc7 14. h5 e6 15. O-O-O
Rac8 16. hxg6 hxg6 17. Kb1 Bd5 18. Be4 Nb6 19. Rh3 Nf5 20. Rdh1 Bc4 21. Ng4
Rfd8 22. Qe1 Nd5 23. Bxd5 Bxd5 24. Nf6+ Kf8 25. g4 Nxe3 26. Qxe3 Bxf3 27. Rxf3
Rd4 28. f5 Rcd8 29. Rff1 exf5 30. gxf5 gxf5 31. b3 c4 32. Nh7+ Ke8 33. Nf6+ Kf8
34. Nh7+ 1/2-1/2

[Event "La Pobla de Lillet op A"]
[Site "La Pobla de Lillet ESP"]
[Date "2015.08.04"]
[Round "4.2"]
[White "Mellado Triviño, J."]
[Black "Muñoz Pantoja, M."]
[Result "1/2-1/2"]
[WhiteElo "2442"]
[BlackElo "2434"]
[PlyCount "21"]
[EventDate "2015.08.01"]
[EventType "swiss"]
[EventRounds "9"]
[EventCountry "ESP"]
[SourceTitle "Ajedrez en Madrid"]
[Source "lmi"]
[SourceDate "2020.06.24"]
[SourceVersion "1"]
[SourceVersionDate "2020.06.24"]
[SourceQuality "1"]

1. e4 d5 2. exd5 Qxd5 3. Nc3 Qa5 4. d4 Nf6 5. Nf3 Bg4 6. h3 Bxf3 7. Qxf3 c6 8.
Bd2 Nbd7 9. Bc4 e6 10. O-O-O Qb6 11. Rhe1 1/2-1/2

[Event "La Pobla de Lillet op A"]
[Site "La Pobla de Lillet ESP"]
[Date "2015.08.04"]
[Round "4.3"]
[White "Capellades Subirana, M."]
[Black "Povill Claros, X."]
[Result "1/2-1/2"]
[WhiteElo "2199"]
[BlackElo "2200"]
[PlyCount "104"]
[EventDate "2015.08.01"]
[EventType "swiss"]
[EventRounds "9"]
[EventCountry "ESP"]
[SourceTitle "Ajedrez en Madrid"]
[Source "lmi"]
[SourceDate "2020.06.24"]
[SourceVersion "1"]
[SourceVersionDate "2020.06.24"]
[SourceQuality "1"]

1. e4 c6 2. d4 d5 3. Nc3 dxe4 4. Nxe4 Bf5 5. Ng3 Bg6 6. Nf3 Nd7 7. h4 h6 8. h5
Bh7 9. Bd3 Bxd3 10. Qxd3 e6 11. Bf4 Qa5+ 12. Bd2 Bb4 13. c3 Be7 14. b4 Qc7 15.
a4 Ngf6 16. c4 O-O 17. Kf1 Bd6 18. Ne4 Nxe4 19. Qxe4 Nf6 20. Qh4 Qe7 21. Rb1
Nd7 22. Qxe7 Bxe7 23. Ne5 Rfd8 24. Bc3 Nxe5 25. dxe5 Rd3 26. Rc1 Bg5 27. Ke2
Rdd8 28. Rcd1 Kf8 29. Rxd8+ Bxd8 30. Rd1 Ke8 31. Rd3 Be7 32. Kd2 c5 33. b5 a6
34. a5 Bd8 35. b6 Bg5+ 36. Ke2 Rd8 37. g3 g6 38. f4 Be7 39. g4 Rxd3 40. Kxd3
gxh5 41. gxh5 Bf8 42. Ke4 Kd7 43. Bd2 Be7 44. Be3 Kc6 45. Bc1 Kd7 46. f5 Bf8
47. fxe6+ fxe6 48. Be3 Ke8 49. Bd2 Kd7 50. Be3 Ke8 51. Bd2 Kd7 52. Be3 Ke8
1/2-1/2

[Event "La Pobla de Lillet op A"]
[Site "La Pobla de Lillet ESP"]
[Date "2015.08.04"]
[Round "4.4"]
[White "Lopez Moreno, J."]
[Black "Cervello Tost, F."]
[Result "0-1"]
[WhiteElo "2022"]
[BlackElo "2303"]
[PlyCount "88"]
[EventDate "2015.08.01"]
[EventType "swiss"]
[EventRounds "9"]
[EventCountry "ESP"]
[SourceTitle "Ajedrez en Madrid"]
[Source "lmi"]
[SourceDate "2020.06.24"]
[SourceVersion "1"]
[SourceVersionDate "2020.06.24"]
[SourceQuality "1"]

1. d4 Nf6 2. c4 e6 3. Nc3 Bb4 4. a3 Bxc3+ 5. bxc3 c5 6. Qc2 d5 7. dxc5 Qa5 8.
cxd5 Nxd5 9. Bd2 Qxc5 10. Nf3 Nc6 11. e4 Nb6 12. Be3 Qa5 13. Nd2 O-O 14. a4 Bd7
15. Bb5 Nc8 16. O-O Qc7 17. Be2 Na5 18. c4 Ne7 19. Ra3 Rfc8 20. f4 f5 21. e5
Nd5 22. Bd4 Nc6 23. cxd5 Nxd4 24. Qxc7 Nxe2+ 25. Kf2 Rxc7 26. Kxe2 exd5 27. Kd3
b5 28. Rb1 bxa4 29. Kd4 Rd8 30. Rb2 a6 31. Rb6 Bb5 32. e6 Rc2 33. Nf3 Rc4+ 34.
Ke5 Re4+ 35. Kxf5 Rf8+ 36. Kg4 Rfxf4+ 37. Kg3 h6 38. Rc3 Rf6 39. Rd6 Rexe6 40.
Rxd5 Rg6+ 41. Kh3 Kh7 42. Nh4 Rd6 43. Nxg6 Rxd5 44. Nf4 Rd4 0-1

[Event "La Pobla de Lillet op A"]
[Site "La Pobla de Lillet ESP"]
[Date "2015.08.04"]
[Round "4.5"]
[White "Gomez Jurado, LA."]
[Black "Viñals Rioja, J."]
[Result "1/2-1/2"]
[WhiteElo "2267"]
[BlackElo "2018"]
[PlyCount "38"]
[EventDate "2015.08.01"]
[EventType "swiss"]
[EventRounds "9"]
[EventCountry "ESP"]
[SourceTitle "Ajedrez en Madrid"]
[Source "lmi"]
[SourceDate "2020.06.24"]
[SourceVersion "1"]
[SourceVersionDate "2020.06.24"]
[SourceQuality "1"]

1. c4 c6 2. g3 d5 3. Nf3 Nf6 4. Bg2 g6 5. O-O Bg7 6. cxd5 Nxd5 7. e4 Nb6 8. d4
O-O 9. h3 h6 10. a4 a5 11. Nc3 Be6 12. Qc2 Na6 13. Rd1 Nb4 14. Qd2 Bb3 15. Rf1
Nc2 16. Rb1 Nc4 17. Qd3 Nb4 18. Qe2 Nb6 19. Qd2 Nxa4 1/2-1/2

[Event "La Pobla de Lillet op A"]
[Site "La Pobla de Lillet ESP"]
[Date "2015.08.04"]
[Round "4.6"]
[White "Segarra Calderer, A."]
[Black "De la Riva Aguado, J."]
[Result "0-1"]
[WhiteElo "2014"]
[BlackElo "2221"]
[PlyCount "30"]
[EventDate "2015.08.01"]
[EventType "swiss"]
[EventRounds "9"]
[EventCountry "ESP"]
[SourceTitle "Ajedrez en Madrid"]
[Source "lmi"]
[SourceDate "2020.06.24"]
[SourceVersion "1"]
[SourceVersionDate "2020.06.24"]
[SourceQuality "1"]

1. c4 e5 2. Nc3 d6 3. g3 f5 4. Bg2 Nf6 5. d3 Be7 6. Nf3 O-O 7. O-O Qe8 8. Rb1
Qh5 9. Nd2 f4 10. Nde4 c6 11. Nxf6+ Rxf6 12. Ne4 Rh6 13. h4 Bxh4 14. gxf4 Be7
15. f3 Qh2+ 0-1

[Event "La Pobla de Lillet op A"]
[Site "La Pobla de Lillet ESP"]
[Date "2015.08.04"]
[Round "4.7"]
[White "Prats Rodriguez, JB."]
[Black "Travesset Ribera, D."]
[Result "1-0"]
[WhiteElo "1994"]
[BlackElo "2149"]
[PlyCount "103"]
[EventDate "2015.08.01"]
[EventType "swiss"]
[EventRounds "9"]
[EventCountry "ESP"]
[SourceTitle "Ajedrez en Madrid"]
[Source "lmi"]
[SourceDate "2020.06.24"]
[SourceVersion "1"]
[SourceVersionDate "2020.06.24"]
[SourceQuality "1"]

1. e4 d5 2. exd5 Qxd5 3. Nc3 Qd8 4. d4 Nf6 5. Nf3 Bg4 6. h3 Bxf3 7. Qxf3 c6 8.
Be3 e6 9. Be2 Nbd7 10. Qg3 Nb6 11. O-O g6 12. Rad1 Bg7 13. Bg5 h6 14. Bf4 O-O
15. Bf3 Nbd5 16. Be5 Ne7 17. Ne4 Nf5 18. Nxf6+ Bxf6 19. Qf4 Bg5 20. Qe4 Qd5 21.
b3 Qxe4 22. Bxe4 Rad8 23. g4 Nd6 24. Bg2 Be7 25. c4 f6 26. Bg3 Rd7 27. Rfe1 Kf7
28. Rd3 Ne8 29. d5 cxd5 30. cxd5 e5 31. f4 exf4 32. Bxf4 Bc5+ 33. Kh1 g5 34.
Bg3 Nd6 35. Re6 Re8 36. Rc3 b6 37. Rxc5 bxc5 38. Rxd6 Rxd6 39. Bxd6 Re1+ 40.
Kh2 Rc1 41. Bb8 a5 42. d6 Rc2 43. Kg1 Rc1+ 44. Kf2 Rc2+ 45. Kf1 Rc1+ 46. Ke2
Rc2+ 47. Kf3 c4 48. bxc4 Rxc4 49. Ke3 Ke8 50. Be4 Rc1 51. Bf5 a4 52. Bc7 1-0

[Event "La Pobla de Lillet op A"]
[Site "La Pobla de Lillet ESP"]
[Date "2015.08.04"]
[Round "4.8"]
[White "Amores Gago, X."]
[Black "Tejero Royo, F."]
[Result "0-1"]
[WhiteElo "2149"]
[BlackElo "2043"]
[PlyCount "30"]
[EventDate "2015.08.01"]
[EventType "swiss"]
[EventRounds "9"]
[EventCountry "ESP"]
[SourceTitle "Ajedrez en Madrid"]
[Source "lmi"]
[SourceDate "2020.06.24"]
[SourceVersion "1"]
[SourceVersionDate "2020.06.24"]
[SourceQuality "1"]

1. e4 e5 2. Nf3 Nc6 3. Bc4 Nf6 4. Ng5 d5 5. exd5 b5 6. Bf1 Nd4 7. c3 Nxd5 8.
Ne4 Qh4 9. Ng3 Nc6 10. Bxb5 Bb7 11. O-O O-O-O 12. d3 Nf4 13. Qa4 Nd4 14. Ba6
Nf3+ 15. gxf3 Nh3+ 0-1

[Event "La Pobla de Lillet op A"]
[Site "La Pobla de Lillet ESP"]
[Date "2015.08.04"]
[Round "4.9"]
[White "Ribera Baztan, J."]
[Black "Corrigüelas Armillas, F."]
[Result "1/2-1/2"]
[WhiteElo "2083"]
[BlackElo "1994"]
[PlyCount "33"]
[EventDate "2015.08.01"]
[EventType "swiss"]
[EventRounds "9"]
[EventCountry "ESP"]
[SourceTitle "Ajedrez en Madrid"]
[Source "lmi"]
[SourceDate "2020.06.24"]
[SourceVersion "1"]
[SourceVersionDate "2020.06.24"]
[SourceQuality "1"]

1. d4 e6 2. c4 Nf6 3. Nc3 Bb4 4. e3 O-O 5. Nge2 d5 6. a3 Be7 7. Nf4 b6 8. cxd5
exd5 9. Bd3 Ba6 10. O-O Bxd3 11. Qxd3 c6 12. f3 Nbd7 13. e4 dxe4 14. fxe4 c5
15. d5 Ne5 16. Qh3 Qd7 17. Qxd7 1/2-1/2

[Event "La Pobla de Lillet op A"]
[Site "La Pobla de Lillet ESP"]
[Date "2015.08.04"]
[Round "4.10"]
[White "Toquero Gracia, P."]
[Black "Sanpera Bonet, JC."]
[Result "1/2-1/2"]
[WhiteElo "1775"]
[BlackElo "2080"]
[PlyCount "90"]
[EventDate "2015.08.01"]
[EventType "swiss"]
[EventRounds "9"]
[EventCountry "ESP"]
[SourceTitle "Ajedrez en Madrid"]
[Source "lmi"]
[SourceDate "2020.06.24"]
[SourceVersion "1"]
[SourceVersionDate "2020.06.24"]
[SourceQuality "1"]

1. e4 d6 2. d4 Nf6 3. Nc3 Nc6 4. d5 Nb8 5. Bd3 c6 6. dxc6 Nxc6 7. Nge2 g6 8.
Bg5 Bg7 9. Qd2 h6 10. Bf4 e5 11. Bg3 O-O 12. O-O-O Be6 13. Bb5 Nd4 14. Nxd4
exd4 15. Qxd4 Nd5 16. e5 Nxc3 17. Qxc3 Qb6 18. Ba4 Rac8 19. Rxd6 Rxc3 20. Rxb6
Rxg3 21. Rxe6 Rxg2 22. Re7 Rxf2 23. Bb3 b5 24. h3 a5 25. e6 fxe6 26. Bxe6+ Kh8
27. Bg4 Rf1+ 28. Re1 Rxh1 29. Rxh1 b4 30. Re1 a4 31. Bd7 a3 32. bxa3 bxa3 33.
Re8 Rxe8 34. Bxe8 Bc3 35. Bxg6 Kg7 36. Be8 Kf6 37. Kd1 Ke5 38. Ke2 Kd4 39. Bf7
Bb2 40. Kf3 Kc3 41. Bb3 Bc1 42. Ke4 Bb2 43. Kf5 Bc1 44. Kg6 Bd2 45. h4 Bc1
1/2-1/2

[Event "La Pobla de Lillet op A"]
[Site "La Pobla de Lillet ESP"]
[Date "2015.08.04"]
[Round "4.15"]
[White "Garcia Galeote, L."]
[Black "Povill Batlle, R."]
[Result "0-1"]
[WhiteElo "1973"]
[BlackElo "1798"]
[PlyCount "48"]
[EventDate "2015.08.01"]
[EventType "swiss"]
[EventRounds "9"]
[EventCountry "ESP"]
[SourceTitle "Ajedrez en Madrid"]
[Source "lmi"]
[SourceDate "2020.06.24"]
[SourceVersion "1"]
[SourceVersionDate "2020.06.24"]
[SourceQuality "1"]

1. b3 g6 2. Bb2 Nf6 3. Bxf6 exf6 4. d4 d5 5. g3 c5 6. Bg2 Be6 7. e3 Nc6 8. Ne2
Bd6 9. O-O Qd7 10. c4 Ne7 11. Nbc3 cxd4 12. cxd5 dxc3 13. Nxc3 Bh3 14. Ne4 Be5
15. Bxh3 Qxh3 16. Rc1 f5 17. Nc5 Rd8 18. f4 Rxd5 19. Qe2 Bf6 20. Qb5+ Kf8 21.
Rfd1 Kg7 22. Rxd5 Nxd5 23. Qxb7 Nxf4 24. gxf4 Qxe3+ 0-1

[Event "La Pobla de Lillet op A"]
[Site "La Pobla de Lillet ESP"]
[Date "2015.08.05"]
[Round "5.1"]
[White "Muñoz Pantoja, M."]
[Black "Lorenzo de la Riva, L."]
[Result "1/2-1/2"]
[WhiteElo "2434"]
[BlackElo "2372"]
[PlyCount "22"]
[EventDate "2015.08.01"]
[EventType "swiss"]
[EventRounds "9"]
[EventCountry "ESP"]
[SourceTitle "Ajedrez en Madrid"]
[Source "lmi"]
[SourceDate "2020.06.24"]
[SourceVersion "1"]
[SourceVersionDate "2020.06.24"]
[SourceQuality "1"]

1. e4 c5 2. Nf3 Nc6 3. d4 cxd4 4. Nxd4 Nf6 5. Nxc6 bxc6 6. Bd3 e5 7. O-O Be7 8.
Nc3 O-O 9. Bc4 d6 10. Bg5 h6 11. Bxf6 Bxf6 1/2-1/2